000 00747nam a2200253Ia 4500
003 OSt
005 20220927105432.0
006 a|||||r|||| 00| 0
007 ta
008 220926b |||||||| |||| 00| 0 eng d
024 _a172598
037 _cReference Collections
040 _aRTL
_cRTL
_beng
041 _2eng
_aeng
082 _a"X621.4498.N87, M7"
110 _aCENTRAL BANK OF SRI LANKA
_9372524
245 0 _aReview of the economy 1987.
260 _aColombo
_bCentral bank of Sri Lanka
_c1987
300 _ax; 318p.
_ccm.
500 _aAppendix table: 120p.
700 _aCENTRAL BANK OF SRI LANKA
_9372525
942 _h"X621.4498.N87, M7"
_cCC
999 _c692550
_d692550